<?xml version="1.0" encoding="UTF-8"?><?xml-stylesheet type="text/xsl" href="static/style.xsl"?><OAI-PMH xmlns="http://www.openarchives.org/OAI/2.0/" xmlns:xsi="http://www.w3.org/2001/XMLSchema-instance" xsi:schemaLocation="http://www.openarchives.org/OAI/2.0/ http://www.openarchives.org/OAI/2.0/OAI-PMH.xsd"><responseDate>2026-05-13T08:35:28Z</responseDate><request verb="GetRecord" identifier="oai:repisalud.isciii.es:20.500.12105/16258" metadataPrefix="marc">https://repisalud.isciii.es/rest/oai/request</request><GetRecord><record><header><identifier>oai:repisalud.isciii.es:20.500.12105/16258</identifier><datestamp>2024-09-27T08:52:55Z</datestamp><setSpec>com_20.500.12105_19604</setSpec><setSpec>com_20.500.12105_2051</setSpec><setSpec>col_20.500.12105_19605</setSpec></header><metadata><record xmlns="http://www.loc.gov/MARC21/slim" xmlns:dcterms="http://purl.org/dc/terms/" xmlns:doc="http://www.lyncode.com/xoai" xmlns:xsi="http://www.w3.org/2001/XMLSchema-instance" xsi:schemaLocation="http://www.loc.gov/MARC21/slim http://www.loc.gov/standards/marcxml/schema/MARC21slim.xsd">
   <leader>00925njm 22002777a 4500</leader>
   <datafield ind2=" " ind1=" " tag="042">
      <subfield code="a">dc</subfield>
   </datafield>
   <datafield ind2=" " ind1=" " tag="720">
      <subfield code="a">Real, Carlos</subfield>
      <subfield code="e">author</subfield>
   </datafield>
   <datafield ind2=" " ind1=" " tag="720">
      <subfield code="a">Párraga, Rocío</subfield>
      <subfield code="e">author</subfield>
   </datafield>
   <datafield ind2=" " ind1=" " tag="720">
      <subfield code="a">Pizarro, Gonzalo</subfield>
      <subfield code="e">author</subfield>
   </datafield>
   <datafield ind2=" " ind1=" " tag="720">
      <subfield code="a">García-Lunar, Inés</subfield>
      <subfield code="e">author</subfield>
   </datafield>
   <datafield ind2=" " ind1=" " tag="720">
      <subfield code="a">González-Calvo, Ernesto</subfield>
      <subfield code="e">author</subfield>
   </datafield>
   <datafield ind2=" " ind1=" " tag="720">
      <subfield code="a">Martínez-Gómez, Jesús</subfield>
      <subfield code="e">author</subfield>
   </datafield>
   <datafield ind2=" " ind1=" " tag="720">
      <subfield code="a">Sánchez-González, Javier</subfield>
      <subfield code="e">author</subfield>
   </datafield>
   <datafield ind2=" " ind1=" " tag="720">
      <subfield code="a">Sampedro, Patricia</subfield>
      <subfield code="e">author</subfield>
   </datafield>
   <datafield ind2=" " ind1=" " tag="720">
      <subfield code="a">Sanmamed, Irene</subfield>
      <subfield code="e">author</subfield>
   </datafield>
   <datafield ind2=" " ind1=" " tag="720">
      <subfield code="a">De Miguel, Mercedes</subfield>
      <subfield code="e">author</subfield>
   </datafield>
   <datafield ind2=" " ind1=" " tag="720">
      <subfield code="a">De Cos-Gandoy, Amaya</subfield>
      <subfield code="e">author</subfield>
   </datafield>
   <datafield ind2=" " ind1=" " tag="720">
      <subfield code="a">Bodega, Patricia</subfield>
      <subfield code="e">author</subfield>
   </datafield>
   <datafield ind2=" " ind1=" " tag="720">
      <subfield code="a">Ibáñez, Borja</subfield>
      <subfield code="e">author</subfield>
   </datafield>
   <datafield ind2=" " ind1=" " tag="720">
      <subfield code="a">Santos-Beneit, Gloria</subfield>
      <subfield code="e">author</subfield>
   </datafield>
   <datafield ind2=" " ind1=" " tag="720">
      <subfield code="a">Fuster, Valentin</subfield>
      <subfield code="e">author</subfield>
   </datafield>
   <datafield ind2=" " ind1=" " tag="720">
      <subfield code="a">Fernández-Jiménez, Rodrigo</subfield>
      <subfield code="e">author</subfield>
   </datafield>
   <datafield ind2=" " ind1=" " tag="260">
      <subfield code="c">2023-03</subfield>
   </datafield>
   <datafield ind2=" " ind1=" " tag="520">
      <subfield code="a">BACKGROUND&#xd;
Cardiovascular magnetic resonance (CMR) is a precise tool for the assessment of cardiac anatomy, function, and tissue composition. However, studies providing CMR reference values in adolescence are scarce. We aim to provide sex-specific CMR reference values for biventricular and atrial dimensions and function and myocardial relaxation times in this population.&#xd;
METHODS&#xd;
Adolescents aged 15-18 years with no known cardiovascular disease underwent a non-contrast 3-T CMR scan between March 2021 and October 2021. The imaging protocol included a cine steady-state free-precession sequence for the analysis of chamber size and function, as well as T2-GraSE and native MOLLI T1-mapping for the characterization of myocardial tissue.&#xd;
FINDINGS&#xd;
CMR scans were performed in 123 adolescents (mean age 16 ± 0.5 years, 52% girls). Mean left and right ventricular end-diastolic indexed volumes were higher in boys than in girls (91.7 ± 11.6 vs 78.1 ± 8.3 ml/m2, p &lt; 0.001; and 101.3 ± 14.1 vs 84.1 ± 10.5 ml/m2, p &lt; 0.001), as was the indexed left ventricular mass (48.5 ± 9.6 vs 36.6 ± 6.0 g/m2, p &lt; 0.001). Left ventricular ejection fraction showed no significant difference by sex (62.2 ± 4.1 vs 62.8 ± 4.2%, p = 0.412), whereas right ventricular ejection fraction trended slightly lower in boys (55.4 ± 4.7 vs. 56.8 ± 4.4%, p = 0.085). Indexed atrial size and function parameters did not differ significantly between sexes. Global myocardial native T1 relaxation time was lower in boys than in girls (1215 ± 23 vs 1252 ± 28 ms, p &lt; 0.001), whereas global myocardial T2 relaxation time did not differ by sex (44.4 ± 2.0 vs 44.1 ± 2.4 ms, p = 0.384). Sex-stratified comprehensive percentile tables are provided for most relevant cardiac parameters.&#xd;
INTERPRETATION&#xd;
This cross-sectional study provides overall and sex-stratified CMR reference values for cardiac dimensions and function, and myocardial tissue properties, in adolescents. This information is useful for clinical practice and may help in the differential diagnosis of cardiac diseases, such as cardiomyopathies and myocarditis, in this population.&#xd;
FUNDING&#xd;
Instituto de Salud Carlos III (PI19/01704).</subfield>
   </datafield>
   <datafield ind1="8" ind2=" " tag="024">
      <subfield code="a">EClinicalMedicine. 2023 Mar 3;57:101885</subfield>
   </datafield>
   <datafield ind1="8" ind2=" " tag="024">
      <subfield code="a">10.1016/j.eclinm.2023.101885</subfield>
   </datafield>
   <datafield ind1="8" ind2=" " tag="024">
      <subfield code="a">2589-5370</subfield>
   </datafield>
   <datafield ind1="8" ind2=" " tag="024">
      <subfield code="a">EClinicalMedicine</subfield>
   </datafield>
   <datafield ind1="8" ind2=" " tag="024">
      <subfield code="a">37064511</subfield>
   </datafield>
   <datafield ind1="8" ind2=" " tag="024">
      <subfield code="a">http://hdl.handle.net/20.500.12105/16258</subfield>
   </datafield>
   <datafield ind2="0" ind1="0" tag="245">
      <subfield code="a">Magnetic resonance imaging reference values for cardiac morphology, function and tissue composition in adolescents.</subfield>
   </datafield>
</record></metadata></record></GetRecord></OAI-PMH>